000 00775cam a2200241 a 4500
001 000018920
005 20200929165901.0
008 740712s1966 sp a 000 0 spa d
040 _aDO-SdBNP
_bspa
_dDLC
_dBNPHU
082 _a917.3
_bD353u
100 1 _aDelibes, Miguel,
_d1920-2010
_93297
245 1 0 _aUSA y yo /
_cMiguel Delibes.
260 _aBarcelona, (España) :
_bDestino,
_c1966.
300 _a240 p. :
_bil. ;
_c22 cm.
490 1 _aSer o no ser
500 _aIncluye notas al pie de las páginas
651 4 _aEstados Unidos
_xCivilización
_y1945-
_99918
651 4 _aEstados Unidos
_xVida Social Y Costumbres
_912475
651 4 _aEstados Unidos
_xReligión
_940724
830 0 _aSer o no ser
_940725
910 _aCatalogación derivada / LC
049 _aBNGR
999 _c18438
_d18438